Применение методов исследования операций при оптимальном проектировании складов с заданой производительностью: диссертация на соискание ученой степени кандидата технических наук; Спец.05.13.03

Bibliografiset tiedot
Päätekijä: Краковский Ю. М. Юрий Мечеславович
Yhteisötekijä: Томский политехнический институт
Muut tekijät: Перегудов Ф. И. (научный руководитель)
Kieli:venäjä
Julkaistu: Томск, [Б. и.], 1976
Aiheet:
Aineistotyyppi: Kirja
KOHA link:https://koha.lib.tpu.ru/cgi-bin/koha/opac-detail.pl?biblionumber=83292

MARC

LEADER 00000nbm0a2200000 4500
001 83292
005 20231031100128.0
035 |a (RuTPU)RU\TPU\book\89519 
090 |a 83292 
100 |a 20051013d1976 k y0rusy50 ca 
101 0 |a rus 
102 |a RU 
105 |a a m 001zy 
200 1 |a Применение методов исследования операций при оптимальном проектировании складов с заданой производительностью  |e диссертация на соискание ученой степени кандидата технических наук  |e Спец.05.13.03  |f Ю. М. Краковский  |g Томский политехнический институт; науч. рук. Ф. И. Перегудов 
210 |a Томск  |c [Б. и.]  |d 1976 
215 |a 191 л.  |c ил. 
320 |a Библиогр.: с. 185-191 (103 назв.) 
610 1 |a диссертации 
610 1 |a применение методов 
610 1 |a исследование операций 
610 1 |a оптимальное проектирование 
610 1 |a проектные склады 
610 1 |a производительность заданная 
610 1 |a математические модели 
610 1 |a математические модели 
610 1 |a складские помещения 
610 1 |a грузы 
610 1 |a алгоритмы 
610 1 |a анализ 
610 1 |a регрессионный анализ 
610 1 |a очереди 
610 1 |a данные 
675 |a 658.78(048)  |v 3 
686 |a 05.13.03  |2 oksvnk 
700 1 |a Краковский  |b Ю. М.  |g Юрий Мечеславович 
702 1 |a Перегудов  |b Ф. И.  |4 727 
712 0 2 |a Томский политехнический институт  |2 stltpush  |3 (RuTPU)RU\TPU\col\1123 
801 1 |a RU  |b 63413507  |c 20051013  |g PSBO 
801 2 |a RU  |b 63413507  |c 20140904  |g PSBO 
942 |c BK